| 000 | 01260nam a2200289Ia 4500 | ||
|---|---|---|---|
| 001 | ebr10348609 | ||
| 003 | CaPaEBR | ||
| 006 | m u | ||
| 007 | cr cn||||||||| | ||
| 008 | 841017s2002 enka sb 001 0 eng d | ||
| 020 | _z9780761974536 | ||
| 040 |
_aCaPaEBR _cCaPaEBR |
||
| 035 | _a(OCoLC)646861932 | ||
| 050 | 1 | 4 |
_aHN400.P8 _bB75 2002eb |
| 245 | 0 | 0 |
_aBritish social attitudes _h[electronic resource] : _bthe 19th report : public policy, social ties / _ceditors, Alison Park ... [et al.]. |
| 260 |
_aLondon : _bSAGE, _c2002. |
||
| 300 |
_axx, 337 p. : _bill. |
||
| 500 | _aPublished in association with the National Centre for Social Research. | ||
| 504 | _aIncludes bibliographical references and index. | ||
| 533 |
_aElectronic reproduction. _bPalo Alto, Calif. : _cebrary, _d2010. _nAvailable via World Wide Web. _nAccess may be limited to ebrary affiliated libraries. |
||
| 650 | 0 |
_aPublic opinion _zGreat Britain. |
|
| 651 | 0 |
_aGreat Britain _xSocial conditions _y1945- |
|
| 655 | 7 |
_aElectronic books. _2local |
|
| 710 | 2 | _aNational Centre for Social Research (Great Britain) | |
| 710 | 2 | _aebrary, Inc. | |
| 856 | 4 | 0 |
_uhttp://site.ebrary.com/lib/rucke/Doc?id=10348609 _zAn electronic book accessible through the World Wide Web; click to view |
| 999 |
_c29424 _d29424 |
||